Statistics for Better Call Saul Trivia #W

Click here to take the quiz!

General Stats

  • This quiz has been taken 32 times
  • The average score is 8 of 15

Answer Stats

HintAnswer% Correct
Kims surnameWexler
95%
The __ takes it allWinner
95%
Saul has Mike investigating this chemistry teacherWalter White
91%
Slippin Jimmy and Marco scam people over a fake __Watch
77%
"Beloved" prostitute in AlbuquerqueWendy
64%
German construction supervisorWerner Ziegler
64%
The construction crew lives in a big __Warehouse
55%
Jimmys coffee mug, Kim gave him says __ __ __ __World’s 2nd Best Lawyer
55%
Mike removes Howards __ of his bodyWallet
36%
Second to last episode of the seriesWaterworks
27%
Kevins surnameWachtell
23%
Also his __ __ is removedWedding ring
23%
Mike finds a quarter million dollars in the __ of a truckWheels
23%
German for "good bye" or "see again" literallyWiedersehen
23%
Episode title in Season 3Witness
14%

Score Distribution

Percentile by Number Answered

Percent of People with Each Score

Your Score History

You have not taken this quiz